000 00903nam a2200253 i 4500
001 bgj
100 1 _aWRIGHT, Andrew
245 1 0 _aPictures for Language Learning :
_ba practical guide for teachers /
_cAndrew Wright.
250 _a[4th printing].
260 _aCambridge [etc.] :
_bCambridge University Press,
_c1993.
300 _aIX, 218 pp :
_bill. ;
_c23 cm.
490 1 _aCambridge Handbooks for Language Teachers / Michael Swan, general editor
504 _aBibliography p. 216.
650 9 _aEnglish language
_xStudy and teaching
_xForeign speakers
650 9 _aPictures in education
650 9 _aActivity programmes in education
830 0 _aCambridge Handbooks for Language Teachers (Michael Swan, general editor)
020 _a0521358000 (pbk)
040 _cBPK
041 0 _aeng
920 _a0-521-35800-0 (pbk)
942 _cKS
008 s uk f |000 0 eng
999 _c47755
_d47755
856 _uhttp://koha.tu.koszalin.pl/cgi-bin/koha/opac-detail.pl?biblionumber=47755
_yKatalog online BPK